000
00396nam a22001697a 4500
003
MPLRDC
005
20220104123439.0
008
210129b ||||| |||| 00| 0 eng d
082
_a
997 DHH
100
_a
多湖辉
245
_a
头脑体操
_c
叶庆勋译
260
_a
_b
钟文出版社
_c
300
_b
平
490
_a
休闲丛书. 9
650
_a
智力游戏
942
_c
BK
_o
997 DHH
999
_c
11495
_d
11485